[Event "Kings Tournament ROMGAZ 2018-B"]
[Site "Bucharest"]
[Date "2018.11.21"]
[Round "4"]
[White "Paulet, Iozefina"]
[Black "Bulmaga, Irina"]
[Result "1-0"]
[WhiteElo "2281"]
[BlackElo "2386"]
[Annotator "TA"]
[PlyCount "100"]
[EventDate "2018.11.21"]
[EventCountry "ROU"]
[SourceTitle "playchess.com"]
[Source "ChessBase"]
[SourceQuality "1"]

{[%evp 11,100,33,35,24,15,4,9,8,12,10,12,18,18,9,21,27,52,-12,-5,-6,-1,-49,-33,-62,0,0,0,-57,0,-71,0,-31,-18,-44,-42,-97,-97,-99,-98,-106,0,0,0,0,0,-73,-66,-129,-34,-127,0,0,0,0,0,0,28,0,85,0,81,82,81,0,186,198,192,74,84,41,49,24,27,26,28,0,21,0,0,-30,0,0,0,0,0,0,95,77,114,82,84]} 1. e4 e5 2. Nf3 Nc6 3. Bc4 Bc5 4. O-O Nf6 5. d3 a6 (5... O-O 6. Bg5 h6 7. Bh4 Be7 8. Bg3 d6 9. a4 Be6 10. Nbd2 Bxc4 11. Nxc4 g6 12. c3 Nh5 13. Qb3 Rb8 14. Rfe1 Bf6 15. Rad1 {½-½ (40) Adhiban,B (2668)-So,W (2776) Douglas 2018}) 6. Re1 {C50: Hungarian Defence and Giuoco Pianissimo} O-O {LiveBook: 10 Games} 7. Nbd2 d6 {[%cal Bd7d6,Bd6d5,Bd5d4][%mdl 32]} 8. a3 $146 {The position is equal.} ({Predecessor:} 8. c3 Na5 9. b4 Nxc4 10. bxc5 Nxd2 11. Qxd2 Bg4 12. cxd6 Qxd6 13. d4 Bxf3 14. gxf3 {½-½ (98) Franssila,T (2229)-Koskinen,H (2256) Finland 2017}) 8... Ba7 9. Nf1 h6 10. Ng3 Be6 11. Bxe6 fxe6 12. h3 d5 13. c3 Qd6 14. Qb3 (14. b4 $14) 14... Nd7 $11 15. Qc2 Rf7 16. Be3 d4 17. Bd2 Raf8 (17... dxc3 $15 18. Bxc3 Raf8) 18. c4 Ne7 19. b4 (19. Nf1 $11) 19... c5 (19... Ng6 $15) 20. b5 (20. Reb1 $11) 20... Ng6 (20... axb5 $17 21. Reb1 bxc4 22. Qxc4 Nc6) 21. Rab1 Rxf3 22. gxf3 Nh4 23. bxa6 (23. Kh1 $15) 23... Nxf3+ $17 {[%mdl 64] [#] Double Attack} 24. Kf1 Nxe1 25. Bxe1 bxa6 (25... Qxa6 $17 26. a4 Bb8) 26. Rb7 $36 {[%mdl 2048] Hoping for Qa4. White has good play.} Bb8 27. Qa4 $1 Nf6 28. Qb3 (28. Ba5 $11) 28... Bc7 $17 29. Qb1 (29. Ra7 $15) 29... h5 ({Black should play} 29... Qc6 $17 30. Bd2 Ne8) 30. Qd1 (30. Ra7 $15) 30... h4 (30... Qc6 $17 31. Rb1 Qe8) 31. Nh5 $11 Qc6 32. Nxf6+ Rxf6 33. Rb2 Qd7 34. Qh5 Bd6 (34... Qa4 $11) 35. Qxh4 (35. Rb6 $16) 35... Rf4 (35... Qa4 $11 {remains equal.}) 36. Qg3 $16 Be7 37. Rb6 (37. Qg6 $16) 37... Bh4 $2 {[#]} (37... Kh7 $11) 38. Qg6 $18 Rf6 39. Rb8+ (39. Qg4 $18 {and White stays clearly on top.} g5 40. f3 (40. Rxa6 Qf7 $18) 40... Bxe1 41. Kxe1) 39... Rf8 $16 40. Rxf8+ (40. Rb2 {with more complications.} Bd8 41. Ke2 Rf6 42. Qh5 Bc7 43. h4) 40... Kxf8 41. Qh7 Bf6 42. Qh8+ Kf7 $1 43. Qh5+ Ke7 44. Qd1 Qb7 45. Qa4 Kd6 46. Qa5 Be7 47. Qa4 Bf6 48. Qe8 Qd7 (48... Qb2 $11) 49. Qb8+ Qc7 50. Qxc7+ Kxc7 {Accuracy: White = 31%, Black = 39%.} 1-0

[Event "Kings Tournament ROMGAZ 2018-B"]
[Site "Bucharest"]
[Date "2018.11.21"]
[Round "5"]
[White "Parligras, Mircea-Emilian"]
[Black "Nisipeanu, Liviu-Dieter"]
[Result "0-1"]
[WhiteElo "2645"]
[BlackElo "2674"]
[Annotator "TA"]
[PlyCount "119"]
[EventDate "2018.11.21"]
[EventCountry "ROU"]
[SourceTitle "playchess.com"]
[Source "ChessBase"]
[SourceQuality "1"]

{[%evp 22,119,12,15,24,7,14,6,2,-15,-13,-25,-19,-18,-14,-19,-23,-25,-25,-31,-20,-31,-29,-22,-25,-55,-66,-47,-75,-118,-109,-110,-108,-262,-244,-289,-113,-131,-125,-114,-16,-1457,-1205,-1935,-412,-412,-411,-396,-143,-383,-380,-374,-370,-409,-395,-447,-449,-595,-579,-691,-681,-956,-963,-940,-750,-944,-931,-1039,-874,-6701,-6379,-29953,-29952,-6621,-10060,-29955,-29957,-29965,-29966,-29967,-29968,-29966,-29967,-29968,-29969,-29970,-29972,-29972,-29973,-29974,-29974,-29976,-29976,-29976,-29976,-29977,-29978,-29978,-29979,-29981]} 1. d4 d5 2. c4 e6 3. Nf3 Nf6 4. Nc3 Nbd7 5. cxd5 exd5 6. Bg5 c6 7. e3 h6 {D35: Queen's Gambit Declined: Exchange Variation} (7... Be7 8. Bd3 O-O 9. Qc2 Re8 10. O-O Nf8 11. h3 g6 12. Bf4 Ne6 13. Bh2 Ng7 14. Qb3 Qb6 15. Nd2 Bf5 16. Be2 h5 17. Rfc1 Ne6 18. a3 h4 19. Na4 Qxb3 20. Nxb3 a5 21. Nd2 {½-½ (36) Wang,H (2722)-Naiditsch,A (2721) Douglas 2018}) 8. Bh4 g5 9. Bg3 Nh5 10. Bd3 Nxg3 11. hxg3 Bg7 12. Qc2 {LiveBook: 52 Games} Nb6 13. O-O-O Be6 14. Kb1 Qe7 15. Nd2 {[%cal Bf3d2,Bd2b3,Bb3c5][%mdl 32]} O-O-O $146 16. Nb3 Kb8 17. Nc5 Bc8 18. Rc1 h5 19. Bf5 Bxf5 20. Qxf5 Nc4 21. Ka1 Nd6 22. Qc2 f5 23. b4 {[#]} f4 $1 $36 {[%mdl 2560] Black is pushing.} 24. gxf4 (24. exf4 Bxd4) 24... gxf4 25. Rhe1 {[#]} fxe3 $1 26. fxe3 Nc4 27. b5 $2 {[#]} (27. Re2 $17) 27... cxb5 $1 $19 ({Inferior is} 27... Nxe3 28. Qd3 $16) 28. Qb3 Rh6 $2 (28... a6 $19 {is more deadly.} 29. Qc2 b4) 29. Qxb5 $17 Rb6 30. Qa4 Nxe3 (30... a6 $17) 31. Rb1 $2 {[%mdl 8192] [#]} (31. a3 $11) 31... Qxc5 $1 {[%mdl 512]} 32. Rxe3 (32. dxc5 Bxc3+) 32... Qxd4 (32... Bxd4 $142 33. Rxb6 axb6) 33. Qxd4 $19 Bxd4 34. Rd3 Rxb1+ 35. Kxb1 Bxc3 $1 36. Rxc3 {[%mdl 4096] Endgame KR-KR} Rg8 37. g3 b6 38. Kb2 Kb7 39. Kb3 Rg4 40. Rf3 Kc6 41. Kb2 a5 {[%cal Ba7a5,Ba5b4][%mdl 32]} 42. Kc2 b5 43. a3 Kc5 44. Kc3 b4+ 45. axb4+ axb4+ 46. Kb3 Rc4 47. Kb2 {[#]} Rc3 $1 48. Rf5 (48. Rxc3+ bxc3+) 48... Rxg3 {Black mates.} 49. Rxh5 Kc4 50. Rh8 Rg2+ 51. Kc1 d4 52. Rc8+ Kb3 53. Rc7 Rg1+ 54. Kd2 Kb2 55. Kd3 b3 56. Kxd4 Rd1+ 57. Ke3 Ka2 58. Ke2 Rd5 59. Ra7+ Kb1 60. Ke1 {Accuracy: White = 16%, Black = 75%.} 0-1

[Event "Kings Tournament ROMGAZ 2018-B"]
[Site "Bucharest"]
[Date "2018.11.21"]
[Round "5"]
[White "Istratescu, Andrei"]
[Black "Iordachescu, Viorel"]
[Result "1/2-1/2"]
[WhiteElo "2565"]
[BlackElo "2597"]
[Annotator "TA"]
[PlyCount "105"]
[EventDate "2018.11.21"]
[EventCountry "ROU"]
[SourceTitle "playchess.com"]
[Source "ChessBase"]
[SourceQuality "1"]

{[%evp 15,105,40,43,-24,-24,-21,-10,-56,-49,-25,41,35,27,0,6,6,6,14,33,50,36,0,0,8,26,19,22,19,20,31,25,31,34,25,33,0,88,6,79,78,80,68,78,108,175,52,42,19,29,26,82,75,235,235,187,0,0,0,0,0,0,0,0,0,29,38,64,64,64,64,68,56,61,38,100,69,154,172,286,161,191,24,33,8,8,8,8,8,8,8,8,8]} 1. d4 Nf6 2. c4 g6 3. Nc3 Bg7 4. e4 d6 5. Nf3 O-O 6. h3 a6 7. Be3 {E90: King's Indian: Classical: Early deviations and 6 h3} Nbd7 (7... c5 8. Be2 cxd4 9. Nxd4 Nc6 10. O-O Bd7 11. Nb3 a5 12. Nd2 Nb4 13. a3 Na6 14. f4 Bc6 15. Bf3 Nd7 16. Nb3 Nac5 17. Nxc5 Nxc5 18. e5 a4 19. Bxc6 bxc6 20. Bxc5 dxc5 {0-1 (62) Bosiocic,M (2624)-Guseinov,G (2646) Riadh 2017}) 8. e5 Ne8 $1 {[%cal Rd6e5,Bf6e8,Be8d6,Bd6f5][%mdl 32] LiveBook: 3 Games} 9. exd6 $146 (9. h4 $14) ({Predecessor:} 9. Be2 c6 10. O-O b5 11. c5 dxe5 12. dxe5 Nc7 13. Nd4 Nxe5 14. f4 Nc4 15. Bxc4 bxc4 16. Nxc6 Qe8 17. Na5 Bxc3 18. bxc3 Qb5 {0-1 (34) Dziuba,M (2511)-Gdanski,J (2532) Ustron 2006}) 9... Nxd6 $11 10. Qd2 Nf5 11. Bf4 c5 {[%cal Rc5d4]} 12. d5 e5 (12... Nb6 $11) 13. dxe6 $1 $14 fxe6 14. Bd3 Nd4 15. Nxd4 cxd4 16. Ne4 Ne5 17. Bxe5 Bxe5 18. O-O Qc7 19. c5 Bd7 20. Qe2 Kh8 21. b4 Rae8 22. g3 Bc6 23. f4 Bg7 {Threatening ...e5.} 24. Nd6 Re7 25. Rae1 Qd7 (25... a5 $11) 26. Be4 (26. f5 $16 e5 27. Qg4) 26... e5 (26... Bxe4 $11 27. Qxe4 Qa4) 27. Bxc6 bxc6 28. fxe5 Rxf1+ 29. Qxf1 Qe6 (29... h6 $16 {was called for.}) 30. Kg2 (30. Qxa6 $18 Bxe5 31. Qa8+ (31. Qxc6 d3 $11) 31... Kg7 32. Qd8) 30... Qxa2+ 31. Re2 Qd5+ 32. Qf3 Qxf3+ (32... Kg8 $11 {keeps the balance.}) 33. Kxf3 $11 {[%mdl 4096] Endgame KRB-KRN} Kg8 $2 {[#]} (33... d3 $16 34. Rd2 Bxe5) 34. e6 $18 d3 35. Rd2 $2 ({Better is} 35. Re4 $18) 35... Bc3 $11 36. Rxd3 Bxb4 37. Ne4 {[#] aiming for Rd8+.} Rxe6 38. Rd8+ (38. Rd6 $2 Rxd6 39. cxd6 Kf7 $17) 38... Kg7 39. Rd7+ Kf8 40. Rxh7 Re7 41. Rh8+ Kg7 $1 {[%cal Rg7h8]} 42. Rc8 Re6 43. Rc7+ Kf8 44. Ng5 Re5 (44... Rf6+ $14 45. Kg4 Kg8) 45. h4 Rf5+ (45... Bxc5 $14 46. Rxc6 Be7) 46. Kg4 $16 {Hoping for h5.} Bxc5 (46... Re5 $142 47. Rxc6 a5) 47. Rxc6 (47. h5 $142 Be7 48. Nh7+ Kg8 49. Rxe7 Rxh5 50. Ng5) 47... Be7 48. Ne6+ $2 (48. Rxg6 $18 Rf6 49. Rxf6+ Bxf6 50. Nh7+ Kg7 51. Nxf6) 48... Kf7 $11 49. Nf4 Rf6 {The position is equal.} 50. Rc7 Rd6 51. Ra7 Ke8 52. Kf3 g5 53. hxg5 {Precision: White = 53%, Black = 45%.} 1/2-1/2

[Event "Kings Tournament ROMGAZ 2018-B"]
[Site "Bucharest"]
[Date "2018.11.21"]
[Round "5"]
[White "Bulmaga, Irina"]
[Black "L'Ami, Alina"]
[Result "1-0"]
[WhiteElo "2386"]
[BlackElo "2285"]
[Annotator "TA"]
[PlyCount "78"]
[EventDate "2018.11.21"]
[EventCountry "ROU"]
[SourceTitle "playchess.com"]
[Source "ChessBase"]
[SourceQuality "1"]

{[%evp 11,78,8,20,-20,-18,-37,0,-45,-48,-51,-16,-44,-47,-42,-20,-30,-32,-87,-43,-28,89,79,85,75,89,85,81,91,187,138,233,259,272,266,586,593,497,166,247,263,601,578,1237,1241,1626,743,1424,1413,1444,1340,2264,2156,2737,2388,29984,1812,1702,1578,1788,1776,1711,1686,1535,1613,2210,2171,5506,5413,29989]} 1. e4 c5 2. Nf3 d6 3. d4 cxd4 4. Nxd4 Nf6 5. Nc3 a6 6. h3 b5 {LiveBook: 81 Games} 7. a3 {B90: Sicilian Najdorf: Unusual White 6th moves, 6 Be3 Ng4 and 6 Be3 e5} (7. g4 Bb7 8. Bg2 g6 9. Be3 Nbd7 10. O-O e5 11. Nb3 h5 12. g5 Nh7 13. h4 f6 14. f4 exf4 15. Bxf4 {0-1 (41) Antipov,M (2593)-Ponkratov,P (2628) Sochi 2018}) 7... Bb7 8. Qe2 g6 9. g3 $146 {The position is equal.} ({Predecessor:} 9. f4 Bg7 10. Nb3 O-O 11. g4 Nfd7 12. Bg2 Nc6 13. Be3 Na5 14. Nxa5 Qxa5 {0-1 (57) Strinic,H (2109)-Jovanovic,N (2055) Tuzla 2015}) 9... Bg7 10. Bg2 Qc7 11. O-O O-O 12. Bg5 h6 13. Be3 Nbd7 14. f4 (14. Nb3 $15) 14... Nb6 15. f5 {Strongly threatening fxg6.} Qd7 (15... g5 $11 {keeps the balance.}) 16. Ndxb5 $16 axb5 17. Bxb6 Bc6 18. Rad1 Qb7 19. Bd4 Nh5 (19... b4 $16) 20. Qf2 gxf5 (20... Nf6 $16 {keeps fighting.} 21. Nd5 Bxd5 22. exd5 g5) 21. Bxg7 $18 ({Don't take} 21. exf5 Nf6) ({Don't play} 21. Qxf5 Bxd4+ 22. Rxd4 Qa7 $16) 21... Kxg7 22. Qxf5 Qb6+ $2 (22... Nf6 {is tougher.} 23. Rxd6 exd6) 23. Kh2 Nf6 {[#]} 24. Rd3 $2 (24. Rxd6 $1 {[%mdl 512]} Ng8 (24... exd6 25. Qxf6+) 25. Qg4+ Kh8 26. Rxc6 Qxc6 27. e5) 24... b4 (24... Bd7 {might work better.} 25. Qf4 Rac8) 25. axb4 {[%cal Ba3b4,Bb4b5][%mdl 32]} Nd7 $2 (25... Rad8 26. g4 Nh7) 26. b5 Bb7 27. Qxd7 Bc8 28. Qc6 Qa5 {[#]} 29. e5 $1 dxe5 30. Qe4 Be6 31. Qxe5+ Kg8 32. Rd4 Rad8 33. Rfd1 (33. Rh4 $142 Rd6 34. Rxh6 f5 35. Ne4 Qd2 36. Nxd2 Rf6 37. Rxf6 {[%mdl 64] Overworked Piece} exf6 38. Qxd6) 33... Qb6 {White is clearly winning.} 34. Rxd8 Rxd8 35. Rxd8+ Qxd8 36. Bd5 Bc8 37. Qf4 e6 38. Bc6 Qe7 39. Ne4 e5 {Accuracy: White = 39%, Black = 34%.} 1-0

[Event "Kings Tournament ROMGAZ 2018-B"]
[Site "Bucharest"]
[Date "2018.11.21"]
[Round "5"]
[White "Paulet, Iozefina"]
[Black "Foisor, Sabina-Francesca"]
[Result "1/2-1/2"]
[WhiteElo "2281"]
[BlackElo "2264"]
[Annotator "RC"]
[PlyCount "124"]
[EventDate "2018.11.21"]
[EventCountry "ROU"]
[SourceTitle "playchess.com"]
[Source "ChessBase"]
[SourceQuality "1"]
[TimeControl "180+2"]

1. e4 {[%emt 0:00:00]} e5 {[%emt 0:00:00]} 2. Nf3 {[%emt 0:00:00]} Nc6 {[%emt 0:00:00]} 3. Nc3 {[%emt 0:00:00]} Nf6 {[%emt 0:00:00]} 4. Bc4 {[%emt 0:00:03]} Bc5 {[%emt 0:00:00]} 5. d3 {[%emt 0:00:00]} d6 {[%emt 0:00:04]} 6. Bg5 {[%emt 0:00:01]} Be6 {[%emt 0:00:07]} 7. Nd5 {[%emt 0:00:09]} Bxd5 {[%emt 0:00:04]} 8. Bxd5 {[%emt 0:00:01]} h6 {[%emt 0:00:08]} 9. Bh4 {[%emt 0:00:27]} Ne7 {[%emt 0:00:17]} 10. Bb3 {[%emt 0:00:07]} Ng6 {[%emt 0:00:06]} 11. O-O {[%emt 0:00:15]} O-O {[%emt 0:00:18]} 12. c3 {[%emt 0:00:11]} Nxh4 {[%emt 0:00:15]} 13. Nxh4 {[%emt 0:00:01]} Kh7 {[%emt 0:00:08]} 14. Nf5 {[%emt 0:00:08]} g6 {[%emt 0:00:05]} 15. Ne3 {[%emt 0:00:01]} Nh5 {[%emt 0:00:08]} 16. d4 {[%emt 0:00:03]} Bb6 {[%emt 0:00:06]} 17. g3 {[%emt 0:00:23]} c6 {[%emt 0:00:13]} 18. Nc4 {[%emt 0:00:13]} Qe7 {[%emt 0:00:13]} 19. dxe5 {[%emt 0:00:08]} dxe5 {[%emt 0:00:01]} 20. Nxb6 {[%emt 0:00:01]} axb6 {[%emt 0:00:00]} 21. Qe2 {[%emt 0:00:03]} Ng7 {[%emt 0:00:08]} 22. Rfd1 {[%emt 0:00:03]} Rfd8 {[%emt 0:00:01]} 23. Rxd8 {[%emt 0:00:07]} Rxd8 {[%emt 0:00:01]} 24. Rd1 {[%emt 0:00:01]} Rxd1+ {[%emt 0:00:15]} 25. Qxd1 {[%emt 0:00:01]} Ne6 {[%emt 0:00:00]} 26. Qe2 {[%emt 0:00:07]} b5 {[%emt 0:00:01]} 27. Qe3 {[%emt 0:00:04]} Qc5 {[%emt 0:00:18]} 28. Qxc5 {[%emt 0:01:18]} Nxc5 29. Bc2 {[%emt 0:00:00]} Kg7 {[%emt 0:00:07]} 30. Kf1 {[%emt 0:00:00]} Kf6 {[%emt 0:00:00]} 31. Ke2 Ke6 32. b4 {[%emt 0:00:00]} Nd7 {[%emt 0:00:10]} 33. Bb3+ {[%emt 0:00:00]} Ke7 {[%emt 0:00:00]} 34. Kd3 {[%emt 0:00:00]} Nb6 {[%emt 0:00:02]} 35. f4 {[%emt 0:00:00]} f6 {[%emt 0:00:06]} 36. Ke3 {[%emt 0:00:00]} Kd6 {[%emt 0:00:04]} 37. Bf7 {[%emt 0:00:00]} g5 {[%emt 0:00:00]} 38. fxg5 {[%emt 0:00:00]} fxg5 {[%emt 0:00:05]} 39. Kf3 {[%emt 0:00:00]} Na4 {[%emt 0:00:04]} 40. c4 {[%emt 0:00:00]} bxc4 {[%emt 0:00:13]} 41. Bxc4 {[%emt 0:00:00]} b5 {[%emt 0:00:01]} 42. Bb3 {[%emt 0:00:00]} Nb6 {[%emt 0:00:11]} 43. Kg4 {[%emt 0:00:00]} Nd7 {[%emt 0:00:04]} 44. Kh5 {[%emt 0:00:00]} Nf6+ {[%emt 0:00:01]} 45. Kxh6 Nxe4 {[%emt 0:00:00]} 46. Kg6 {[%emt 0:00:05]} c5 {[%emt 0:00:06]} 47. bxc5+ {[%emt 0:00:05]} Kxc5 {[%emt 0:00:02]} 48. Kf5 {[%emt 0:00:30]} Kd4 49. Bc2 {[%emt 0:00:00]} Nd2 {[%emt 0:00:01]} 50. Kxg5 {[%emt 0:00:00]} Nf3+ {[%emt 0:00:01]} 51. Kf5 {[%emt 0:00:00]} Nxh2 {[%emt 0:00:01]} 52. g4 {[%emt 0:00:00]} e4 {[%emt 0:00:06]} 53. g5 {[%emt 0:00:00]} Nf3 {[%emt 0:00:02]} 54. Bxe4 {[%emt 0:00:02]} Nxg5 {[%emt 0:00:00]} 55. Bc6 {[%emt 0:00:02]} Nf7 {[%emt 0:00:02]} 56. Ke6 {[%emt 0:00:02]} Nd8+ {[%emt 0:00:01]} 57. Kd7 {[%emt 0:00:01]} Nxc6 {[%emt 0:00:01]} 58. Kxc6 {[%emt 0:00:01]} Kc4 {[%emt 0:00:02]} 59. Kb6 {[%emt 0:00:01]} Kb4 {[%emt 0:00:01]} 60. Ka6 {[%emt 0:00:01]} Ka4 {[%emt 0:00:00]} 61. Kb6 {[%emt 0:00:01]} b4 {[%emt 0:00:01]} 62. Kc5 {[%emt 0:00:01]} Ka3 {[%emt 0:00:01]} 1/2-1/2

[Event "Kings Tournament ROMGAZ 2018-B"]
[Site "Bucharest"]
[Date "2018.11.21"]
[Round "6"]
[White "Nisipeanu, Liviu-Dieter"]
[Black "Istratescu, Andrei"]
[Result "1/2-1/2"]
[WhiteElo "2674"]
[BlackElo "2565"]
[Annotator "TA"]
[PlyCount "64"]
[EventDate "2018.11.21"]
[EventCountry "ROU"]
[SourceTitle "playchess.com"]
[Source "ChessBase"]
[SourceQuality "1"]

{[%evp 20,64,0,-18,0,0,39,47,44,32,35,17,43,38,23,5,24,25,113,112,137,139,146,144,156,154,139,-29,-25,-36,-32,-32,-33,-33,-33,-26,-5,-122,-117,-188,-177,-222,-164,-193,-162,-177,-159]} 1. Nf3 Nf6 2. c4 e6 3. g3 d5 4. Bg2 d4 5. O-O c5 6. e3 Nc6 7. exd4 cxd4 8. d3 Be7 {A13: English Opening: 1...e6} 9. a3 (9. b3 O-O 10. Na3 e5 11. Nc2 Nd7 12. a3 a5 13. Rb1 Nc5 14. b4 axb4 15. axb4 Na4 16. Bd2 {0-1 (47) Wei,Y (2739)-Karjakin,S (2760) Medias 2017}) 9... a5 10. Nbd2 {[%cal Bb1d2,Bd2c4,Bc4e5][%mdl 32]} O-O 11. Re1 {LiveBook: 7 Games} Rb8 $146 ({Predecessor:} 11... Nd7 12. Rb1 Nc5 13. Ne4 Na6 14. Qc2 e5 {1-0 (27) Bukavshin,I (2510)-Gajewski,G (2644) Warsaw 2012}) 12. Rb1 b5 13. cxb5 Rxb5 14. Nc4 Nd5 15. Bd2 Ba6 16. Nfe5 Nxe5 17. Nxe5 Bf6 18. Nc4 Rc5 {[#]} (18... g6 $11 {keeps the balance.}) 19. b4 $1 $16 {[%cal Rb4c5]} axb4 20. axb4 {[%cal Ba3b4,Bb4b5][%mdl 32]} Rxc4 21. dxc4 Bxc4 22. b5 Bd3 {[#]} 23. Qb3 $2 ({White should play} 23. Rb2 $1 $16) 23... Bxb1 $11 24. Rxb1 {Threatens to win with Bxd5.} Nc3 25. Ra1 Qb6 26. Bf1 Rb8 $36 {[%mdl 2048] Black has the initiative.} 27. Qc4 h6 28. Ra6 (28. Bf4 $11 {remains equal.} e5 29. Bd2) 28... Qxb5 $17 29. Qc7 (29. Qxb5 $17 Nxb5 30. Bf4) 29... Qb7 {Black is clearly better.} 30. Qc4 Rc8 31. Qd3 Qe4 32. h4 Qxd3 {Accuracy: White = 56%, Black = 28%.} 1/2-1/2

[Event "Kings Tournament ROMGAZ 2018-B"]
[Site "Bucharest"]
[Date "2018.11.21"]
[Round "6"]
[White "Iordachescu, Viorel"]
[Black "Parligras, Mircea-Emilian"]
[Result "1/2-1/2"]
[WhiteElo "2597"]
[BlackElo "2645"]
[Annotator "TA"]
[PlyCount "127"]
[EventDate "2018.11.21"]
[EventCountry "ROU"]
[SourceTitle "playchess.com"]
[Source "ChessBase"]
[SourceQuality "1"]

{[%evp 21,127,0,0,0,26,16,21,26,20,19,25,7,29,1,6,-17,35,16,52,52,67,42,70,62,62,46,48,42,129,124,120,89,149,103,149,121,191,162,189,192,239,231,294,82,87,66,89,83,95,86,249,134,158,54,51,60,72,42,69,27,26,21,22,0,0,-29,0,-4,0,0,0,0,0,-6,7,-135,-22,-110,14,0,0,-46,0,-176,-167,-752,0,0,0,0,0,-22,-17,-29,-29,-147,8,8,8,0,7,0,8,0,10,0,8,0]} 1. e4 c5 2. Nf3 d6 3. c3 Nf6 4. Be2 Nbd7 5. d3 {[%cal Bd2d3,Bd3d4][%mdl 32]} g6 6. O-O Bg7 7. Nbd2 O-O 8. d4 Qc7 9. Re1 b6 10. Bd3 {B50: Sicilian: 2...d6, Miscellaneous} e6 11. Nf1 Bb7 {LiveBook: 3 Games} 12. Ng3 Rac8 $146 ({Predecessor:} 12... a6 13. a4 c4 14. Bf1 e5 15. b3 d5 16. bxc4 Nxe4 17. Nxe4 dxe4 {1-0 (52) Kogan,A (2587)-Burg,T (2470) La Massana 2012}) 13. Bg5 h6 14. Bd2 e5 15. d5 c4 16. Bc2 b5 17. h4 h5 18. Ng5 Rce8 (18... a5 $11) 19. b4 $14 Bc8 20. a4 a6 21. Qe2 Nh7 22. Nxh7 (22. Ra2 {is interesting.} Bb7 23. Rea1 Nhf6 24. f3 Ra8 25. Qe1) 22... Kxh7 23. axb5 axb5 24. Ra5 Qb8 (24... Bb7 $1 $14) 25. Rea1 Nf6 26. Be3 Bd7 (26... Re7 $142) 27. f3 Ng8 28. Nf1 Bf6 (28... Bh6 $16 29. Ra6 Bxe3+ 30. Qxe3 (30. Nxe3 Bc8 $16) 30... Ne7) 29. Qf2 Qd8 30. g3 Bg7 31. Ra7 $1 Bh6 32. Kg2 $2 (32. Bb6 $18 {and White stays clearly on top.} Qe7 33. R1a6) 32... Bxe3 $16 33. Nxe3 Nh6 34. R1a6 Bc8 35. Rc6 Kh8 $2 (35... Bd7 $16) 36. Qd2 (36. Ra5 $18) 36... Ng8 37. Rcc7 (37. Kg1 $16) 37... Re7 $14 38. Rxe7 Nxe7 39. Nd1 Ng8 40. Nf2 Qb6 41. Ra1 Kg7 42. f4 (42. Ra5 $142) 42... exf4 $11 43. Qxf4 Nf6 44. Rf1 Nd7 45. g4 Ne5 {[%cal Rc8g4] ...Bxg4 is the strong threat.} 46. gxh5 Qd8 47. Rg1 Rh8 48. hxg6 (48. Bd1 $11) 48... fxg6 (48... Rxh4 $17 49. Qe3 fxg6) 49. Rh1 (49. Qg5 $1 $11) 49... Rh5 ({Black should play} 49... Rf8 $17 50. Qe3 Rf3) 50. Kf1 Rh8 51. Qg3 Qf6 {aiming for ...Bg4.} 52. Ke2 $2 (52. Kg2 $11) 52... Rf8 $19 53. Rh2 $2 {[#]} (53. Rg1) 53... Qf3+ $2 ({Better is} 53... Bg4+ $1 $19 {[%mdl 512]} 54. Ke3 (54. Nxg4 Qf1+) 54... g5 55. Nxg4 Nxg4+ {[%mdl 64] Discovered Attack} 56. Ke2 Nxh2 57. Qxg5+ Qxg5 58. hxg5 Ng4) 54. Qxf3 $11 Nxf3 55. Rh1 Ne5 56. Ra1 Kh6 57. Ra5 Bd7 58. Ra7 {[#]} (58. Ra6 $11) 58... Rf4 $2 (58... Kh5 $1 $17 59. Ra6 Rf6) 59. Bd1 {The position is equal.} Rxh4 60. Ra6 Nf7 61. Ra7 Ne5 62. Ra6 Nf7 63. Ra7 Ne5 64. Ra6 {Accuracy: White = 27%, Black = 31%.} 1/2-1/2

[Event "Kings Tournament ROMGAZ 2018-B"]
[Site "Bucharest"]
[Date "2018.11.21"]
[Round "6"]
[White "L'Ami, Alina"]
[Black "Paulet, Iozefina"]
[Result "0-1"]
[WhiteElo "2285"]
[BlackElo "2281"]
[Annotator "ChessBase"]
[PlyCount "35"]
[EventDate "2018.11.21"]
[EventCountry "ROU"]
[SourceTitle "playchess.com"]
[Source "ChessBase"]
[SourceQuality "1"]
[TimeControl "180+2"]

1. d4 {[%emt 0:00:00]} Nf6 {[%emt 0:00:00]} 2. c4 {[%emt 0:00:00]} c5 {[%emt 0:00:00]} 3. d5 {[%emt 0:00:02]} e6 {[%emt 0:00:00]} 4. Nc3 {[%emt 0:00:01]} exd5 {[%emt 0:00:00]} 5. cxd5 {[%emt 0:00:01]} d6 {[%emt 0:00:01]} 6. e4 {[%emt 0:00:01]} g6 {[%emt 0:00:01]} 7. f4 {[%emt 0:00:02]} Bg7 {[%emt 0:00:00]} 8. Bb5+ {[%emt 0:00:01]} Nfd7 {[%emt 0:00:01]} 9. Nf3 {[%emt 0:00:01]} O-O {[%emt 0:00:01]} 10. O-O {[%emt 0:00:02]} a6 {[%emt 0:00:01] Bd3b5Kh1 [%clk 0:03:11] Nb6 [%clk 0:03:18]} 11. f5 {[%emt 0:00:02] N8d7 [%clk 0:03:18] Bg5 [%clk 0:03:08]} Bf6 {[%emt 0:00:00]} 12. Qd2 {[%emt 0:00:08] b4 [%clk 0:03:13] Ne2 [%clk 0:02:56]} a5 {[%emt 0:00:52]} 13. h4 {[%emt 0:00:37]} c4 {[%emt 0:00:05] Bc2 [%clk 0:02:28]} 14. Ba6 {[%emt 0:00:05] Rf2 [%clk 0:01:59] Rc8 [%clk 0:02:21] Ned4 [%clk 0:01:53] c3 [%clk 0:02:14] bxc3 [%clk 0:01:53] bxc3 [%clk 0:02:15] Qf4 [%clk 0:01:47]} Ne5 {[%emt 0:00:18]} 15. h5 {[%emt 0:01:02] Bd3 [%clk 0:01:29] fxg6 [%clk 0:01:12] fxg6 [%clk 0:01:13] Ne6 [%clk 0:01:11]} Bg5 {[%emt 0:00:56] Qxf8+ [%clk 0:01:10] Qxf8 [%clk 0:01:13] Nxf8 [%clk 0:01:10] Rxf8 [%clk 0:01:14]} 16. hxg6 {[%emt 0:00:26]} hxg6 {[%emt 0:00:14] Raf1 [%clk 0:00:55] Bxf1 [%clk 0:01:01] Rxf1 [%clk 0:00:56] Nxf3 [%clk 0:00:58] gxf3 [%clk 0:00:57] Nc4 [%clk 0:01:00] Rg1 [%clk 0:00:55] Bf4 [%clk 0:00:55] Rxg6+ [%clk 0:00:56] Kf7 [%clk 0:00:56] Re6 [%clk 0:00:51] Ne3 [%clk 0:00:54] Bd3 [%clk 0:00:45] c2 [%clk 0:00:52] Bxc2 [%clk 0:00:46] Nxc2 [%clk 0:00:53] Kg2 [%clk 0:00:45] Rg8+ [%clk 0:00:46]} 17. Kf2 {[%emt 0:00:18]} Be3+ {[%emt 0:00:20]} 18. Ke2 {[%emt 0:00:01] Nd4+ [%clk 0:00:45] Kxe3 [%clk 0:00:47] Nxe6 [%clk 0:00:46] dxe6+ [%clk 0:00:47] Kxe6 [%clk 0:00:48] Kd4 [%clk 0:00:00] Ke5+*} 0-1